Statistics for Cold War Quiz

Click here to take the quiz!

General Stats

  • This quiz has been taken 448 times
    (315 since last reset)
  • The average score is 16 of 23

Answer Stats

HintAnswer% Correct
Predominant Communist SuperpowerUSSR
99%
Predominant Capitalist SuperpowerUnited States
95%
______ Missile CrisisCuban
93%
Country that was spilt into twoGermany
92%
President of the US was assassinatedJohn F Kennedy
90%
What year did [1] collapse1991
88%
What was the US and there allies pact calledNATO
81%
What was the Soviets and there allies pact calledWarsaw Pact
80%
Who was the leader of [1] until 1953Joseph Stalin
78%
Middle-Eastern country that [1] invadedAfghanistan
77%
Who was the leader of Communist ChinaMao Zedong
77%
Last leader of [1]Mikhail Gorbachev
73%
What ^ demanded to be teared downBerlin Wall
71%
US Supreme Allied Commander and PresidentDwight Eisenhower
69%
What middle-eastern country had US missilesTurkey
68%
77 year old President of AmericaRonald Reagan
63%
CIA in invasion of a tropical islandBay of Pigs invasion
51%
What was the capital of West GermanyBonn
50%
War technically never endedKorean War
50%
What was the capital of East GermanyEast Berlin
46%
Period of communist paranoia within the governmentRed Scare
44%
Who was the leader of Nationalist ChinaChiang Kai-shek
36%
What common motto was used in the west in case of a nuclear warDuck and Cover
26%

Score Distribution

Percentile by Number Answered

Percent of People with Each Score

Your Score History

You have not taken this quiz since the last reset